[Event "34. Open Internacional de Andorra 2016"]
[Site "Andorra AND"]
[Date "2016.08.10"]
[Round "8.12"]
[White "Garrido Fernandez, Daniel"]
[Black "Pein, Malcolm"]
[Result "0-1"]
[WhiteElo "2204"]
[BlackElo "2357"]
[PlyCount "90"]
[EventDate "2016.08.03"]
[EventType "swiss"]
[EventRounds "9"]
[EventCountry "AND"]
[SourceTitle "Ajedrez en Madrid"]
[Source "lmi"]
[SourceDate "2016.08.03"]
[SourceVersion "1"]
[SourceVersionDate "2018.03.01"]
[SourceQuality "1"]

1. e4 e5 2. Nf3 d6 3. d4 exd4 4. Nxd4 Nf6 5. Nc3 g6 6. Bf4 Bg7 7. Qd2 O-O 8.
O-O-O Re8 9. f3 Nc6 10. Bg5 Nxd4 11. Qxd4 Nxe4 12. Nxe4 Bxd4 13. Bxd8 Be3+ 14.
Kb1 Rxd8 15. Bc4 Be6 16. Bxe6 fxe6 17. Rhe1 Bh6 18. h4 Rf8 19. h5 gxh5 20. Ng3
Rae8 21. Rh1 d5 22. Rxh5 Bg7 23. Rdh1 h6 24. R5h4 Rf6 25. Rg4 Re7 26. Nh5 Rf5
27. Rgh4 e5 28. Nxg7 Rxg7 29. Rxh6 Rxg2 30. Rh8+ Kf7 31. Rc8 Rxf3 32. Rxc7+ Ke6
33. a4 e4 34. Rhh7 e3 35. Rce7+ Kd6 36. Rd7+ Ke5 37. Rde7+ Kf4 38. Re8 d4 39.
Rh4+ Rg4 40. Rh7 Kg3 41. Rxb7 Rff4 42. Rbe7 Kf3 43. c3 Re4 44. Rf8+ Rgf4 45.
Rxf4+ Kxf4 0-1

[Event "34. Open Internacional de Andorra 2016"]
[Site "Andorra AND"]
[Date "2016.08.10"]
[Round "8.13"]
[White "Marzano, Carlo"]
[Black "Berkovich, Mark A"]
[Result "1/2-1/2"]
[WhiteElo "2199"]
[BlackElo "2346"]
[PlyCount "48"]
[EventDate "2016.08.03"]
[EventType "swiss"]
[EventRounds "9"]
[EventCountry "AND"]
[SourceTitle "Ajedrez en Madrid"]
[Source "lmi"]
[SourceDate "2016.08.03"]
[SourceVersion "1"]
[SourceVersionDate "2018.03.01"]
[SourceQuality "1"]

1. Nf3 Nf6 2. b3 g6 3. Bb2 Bg7 4. e3 O-O 5. c4 b6 6. Be2 Bb7 7. O-O c5 8. d4
cxd4 9. Nxd4 d5 10. cxd5 Nxd5 11. Nc3 Nxc3 12. Bxc3 Nd7 13. Bf3 Bxf3 14. Qxf3
Ne5 15. Qe2 Rc8 16. Rac1 Qd7 17. Rfd1 Qb7 18. Bb2 Rfd8 19. Rxc8 Rxc8 20. Rc1
Rxc1+ 21. Bxc1 Qe4 22. Qc2 Qxc2 23. Nxc2 Kf8 24. Kf1 Nc6 1/2-1/2

[Event "34. Open Internacional de Andorra 2016"]
[Site "Andorra AND"]
[Date "2016.08.10"]
[Round "8.14"]
[White "Eden, James"]
[Black "Da Silva, Quentin"]
[Result "1-0"]
[WhiteElo "2320"]
[BlackElo "2110"]
[PlyCount "113"]
[EventDate "2016.08.03"]
[EventType "swiss"]
[EventRounds "9"]
[EventCountry "AND"]
[SourceTitle "Ajedrez en Madrid"]
[Source "lmi"]
[SourceDate "2016.08.03"]
[SourceVersion "1"]
[SourceVersionDate "2018.03.01"]
[SourceQuality "1"]

1. e4 c5 2. Nf3 d6 3. d4 cxd4 4. Nxd4 Nf6 5. Nc3 g6 6. f4 Nc6 7. Nxc6 bxc6 8.
e5 Nd7 9. Be3 Bg7 10. exd6 O-O 11. Be2 exd6 12. Qxd6 Re8 13. Qd2 Qe7 14. Bd4
Bxd4 15. Qxd4 Ba6 16. O-O-O Bxe2 17. Rde1 Nf8 18. Rxe2 Ne6 19. Qc4 Rab8 20. a3
Rb7 21. Qxc6 Reb8 22. Nd5 Qd8 23. Rxe6 fxe6 24. Qxe6+ Kg7 25. Qe5+ Kf7 26. b3
Rd7 27. Nb4 Rb6 28. Re1 a5 29. Nd3 Rbd6 30. Qe4 Kg7 31. g4 Rxd3 32. cxd3 Rxd3
33. Qe7+ Qxe7 34. Rxe7+ Kf6 35. Rb7 Rf3 36. Rb5 Rxf4 37. g5+ Ke6 38. Rxa5 Rh4
39. Rb5 Rxh2 40. a4 Kd6 41. a5 Kc6 42. Rb4 Rh1+ 43. Kb2 Rh2+ 44. Ka3 Rh1 45.
Rb6+ Kc7 46. Rf6 Rh5 47. Ka4 Rxg5 48. Rf7+ Kb8 49. Rxh7 Rf5 50. Rg7 Rf6 51. b4
Re6 52. Rf7 Re8 53. a6 Rg8 54. Ka5 g5 55. b5 g4 56. a7+ Ka8 57. Ka6 1-0

[Event "34. Open Internacional de Andorra 2016"]
[Site "Andorra AND"]
[Date "2016.08.10"]
[Round "8.15"]
[White "Aubry, Yannis"]
[Black "Kern, Nicolas"]
[Result "1-0"]
[WhiteElo "2269"]
[BlackElo "2079"]
[PlyCount "81"]
[EventDate "2016.08.03"]
[EventType "swiss"]
[EventRounds "9"]
[EventCountry "AND"]
[SourceTitle "Ajedrez en Madrid"]
[Source "lmi"]
[SourceDate "2016.08.03"]
[SourceVersion "1"]
[SourceVersionDate "2018.03.01"]
[SourceQuality "1"]

1. d4 d5 2. c4 c6 3. Nf3 Nf6 4. Nc3 dxc4 5. a4 Na6 6. e3 Bg4 7. Bxc4 e6 8. h3
Bxf3 9. Qxf3 Nb4 10. O-O Be7 11. Rd1 O-O 12. Qe2 Qa5 13. e4 Qh5 14. Qxh5 Nxh5
15. d5 e5 16. dxc6 bxc6 17. Rd7 Bc5 18. Bg5 Nf6 19. Bxf6 gxf6 20. Ne2 Rad8 21.
Bxf7+ Kg7 22. Be6+ Rxd7 23. Bxd7 Nd3 24. Bxc6 Nxf2 25. b4 Be3 26. Kf1 Nd3 27.
Rb1 Bd2 28. Rd1 Nxb4 29. Rxd2 Nxc6 30. Rd6 Nb8 31. Ng3 Kf7 32. Rd5 Ke6 33. Nf5
Rc8 34. Rb5 Na6 35. Ra5 Rc6 36. Ke2 Kd7 37. Ne3 Kc7 38. Nd5+ Kd7 39. Kf3 Rd6
40. Kg4 Ke6 41. Rxa6 1-0

[Event "34. Open Internacional de Andorra 2016"]
[Site "Andorra AND"]
[Date "2016.08.10"]
[Round "8.16"]
[White "Podvin, Francois-Xavier"]
[Black "Cimer, Emanuel"]
[Result "0-1"]
[WhiteElo "2165"]
[BlackElo "2230"]
[PlyCount "54"]
[EventDate "2016.08.03"]
[EventType "swiss"]
[EventRounds "9"]
[EventCountry "AND"]
[SourceTitle "Ajedrez en Madrid"]
[Source "lmi"]
[SourceDate "2016.08.03"]
[SourceVersion "1"]
[SourceVersionDate "2018.03.01"]
[SourceQuality "1"]

1. a3 g6 2. h4 Nf6 3. d3 Bg7 4. c4 e5 5. Nc3 h6 6. g3 d6 7. Bg2 c6 8. Nf3 Nbd7
9. O-O O-O 10. Rb1 Ng4 11. Nh2 Nxh2 12. Kxh2 f5 13. b4 Nf6 14. b5 Qc7 15. Bd2
f4 16. Qa4 Bd7 17. bxc6 bxc6 18. Qa6 fxg3+ 19. fxg3 Ng4+ 20. Kg1 Rxf1+ 21. Rxf1
Rb8 22. Ne4 Rb2 23. Ba5 Qb8 24. Bf3 Ne3 25. Rf2 Ra2 26. Bd2 Ra1+ 27. Kh2 Qb1
0-1

[Event "34. Open Internacional de Andorra 2016"]
[Site "Andorra AND"]
[Date "2016.08.10"]
[Round "8.17"]
[White "Malassagne, Isabelle"]
[Black "Sowray, Peter J"]
[Result "0-1"]
[WhiteElo "2140"]
[BlackElo "2348"]
[PlyCount "68"]
[EventDate "2016.08.03"]
[EventType "swiss"]
[EventRounds "9"]
[EventCountry "AND"]
[SourceTitle "Ajedrez en Madrid"]
[Source "lmi"]
[SourceDate "2016.08.03"]
[SourceVersion "1"]
[SourceVersionDate "2018.03.01"]
[SourceQuality "1"]

1. e4 c5 2. Nf3 e6 3. d4 cxd4 4. Nxd4 a6 5. Nc3 Qc7 6. Bd3 Nf6 7. O-O d6 8. Be3
Be7 9. h3 Nbd7 10. f4 b5 11. Qf3 Bb7 12. a3 Rc8 13. Rae1 O-O 14. g4 Nc5 15. g5
Nfd7 16. Qh5 g6 17. Qh4 e5 18. Nde2 f5 19. Ng3 fxe4 20. Ncxe4 Nxe4 21. Bxe4 d5
22. Bg2 d4 23. Bxd4 Bxg2 24. Kxg2 Qb7+ 25. Kg1 Rxc2 26. Ne4 exd4 27. Qg4 Nc5
28. b4 Nxe4 29. Qe6+ Rf7 30. Rxe4 Qc6 31. Qe5 Qd6 32. Qxd6 Bxd6 33. Rxd4 Bc7
34. Re4 Rc4 0-1

[Event "34. Open Internacional de Andorra 2016"]
[Site "Andorra AND"]
[Date "2016.08.10"]
[Round "8.18"]
[White "Rudolf, Anna"]
[Black "Monpeurt, Cyrielle"]
[Result "1-0"]
[WhiteElo "2247"]
[BlackElo "2136"]
[PlyCount "99"]
[EventDate "2016.08.03"]
[EventType "swiss"]
[EventRounds "9"]
[EventCountry "AND"]
[SourceTitle "Ajedrez en Madrid"]
[Source "lmi"]
[SourceDate "2016.08.03"]
[SourceVersion "1"]
[SourceVersionDate "2018.03.01"]
[SourceQuality "1"]

1. e4 e5 2. Nc3 Nf6 3. g3 Nc6 4. Bg2 Bc5 5. Nge2 a6 6. O-O d6 7. Nd5 Nxd5 8.
exd5 Ne7 9. d4 exd4 10. Nxd4 O-O 11. c3 Ng6 12. f4 Qf6 13. Be3 Re8 14. Qd2 h6
15. Rae1 Bd7 16. b3 Re7 17. Nc2 Bxe3+ 18. Rxe3 Rae8 19. Rfe1 Rxe3 20. Rxe3 Rxe3
21. Nxe3 Ne7 22. Nc4 Qf5 23. Kf2 h5 24. Ne3 Qg6 25. Bf3 h4 26. g4 Qf6 27. Qd4
Qxd4 28. cxd4 f5 29. g5 Ng6 30. Ng2 h3 31. Bh5 Ne7 32. Ne3 c6 33. Bf3 Ng6 34.
Kg3 Kf8 35. Nc4 Ke7 36. Na5 cxd5 37. Nxb7 Bc6 38. Na5 Ba8 39. b4 Nf8 40. Kf2
Kd7 41. Be2 Ne6 42. Ke3 Nc7 43. Bf1 g6 44. Bxh3 Bc6 45. Nxc6 Kxc6 46. Bf1 Kb6
47. a4 Ne6 48. h4 Ng7 49. Bg2 Kc6 50. b5+ 1-0

[Event "34. Open Internacional de Andorra 2016"]
[Site "Andorra AND"]
[Date "2016.08.10"]
[Round "8.19"]
[White "Martinez Lopez, Ivan"]
[Black "Malassagne, Raphael"]
[Result "1/2-1/2"]
[WhiteElo "2246"]
[BlackElo "2129"]
[PlyCount "71"]
[EventDate "2016.08.03"]
[EventType "swiss"]
[EventRounds "9"]
[EventCountry "AND"]
[SourceTitle "Ajedrez en Madrid"]
[Source "lmi"]
[SourceDate "2016.08.03"]
[SourceVersion "1"]
[SourceVersionDate "2018.03.01"]
[SourceQuality "1"]

1. Nf3 Nf6 2. g3 d5 3. Bg2 c6 4. O-O Bf5 5. d3 e6 6. b3 h6 7. Bb2 Be7 8. Nbd2
O-O 9. c4 Nbd7 10. Rc1 a5 11. a3 Bh7 12. Rc2 Re8 13. Qa1 c5 14. cxd5 exd5 15.
Ne5 a4 16. Nxd7 Qxd7 17. Rcc1 axb3 18. Nxb3 b6 19. e4 dxe4 20. dxe4 Bxe4 21.
Bxe4 Nxe4 22. Bxg7 Qc6 23. f3 Ng5 24. Nd2 Qg6 25. Be5 Rad8 26. Qb2 Nh3+ 27. Kh1
Bg5 28. f4 Rxe5 29. Qxe5 Rxd2 30. Qe8+ Kg7 31. fxg5 Nf2+ 32. Kg1 Nh3+ 33. Kh1
Nf2+ 34. Kg1 Nh3+ 35. Kh1 Nf2+ 36. Kg1 1/2-1/2

[Event "34. Open Internacional de Andorra 2016"]
[Site "Andorra AND"]
[Date "2016.08.10"]
[Round "8.20"]
[White "Birnbaum, Detlev"]
[Black "Nieves Cabanes, Javier"]
[Result "0-1"]
[WhiteElo "2130"]
[BlackElo "2215"]
[PlyCount "52"]
[EventDate "2016.08.03"]
[EventType "swiss"]
[EventRounds "9"]
[EventCountry "AND"]
[SourceTitle "Ajedrez en Madrid"]
[Source "lmi"]
[SourceDate "2016.08.03"]
[SourceVersion "1"]
[SourceVersionDate "2018.03.01"]
[SourceQuality "1"]

1. d4 Nf6 2. c4 e6 3. Nf3 c5 4. d5 d6 5. Nc3 exd5 6. cxd5 g6 7. Nd2 Bg7 8. Nc4
O-O 9. Bg5 Qe7 10. e3 b6 11. Rc1 Ba6 12. b3 b5 13. Nd2 Qe8 14. Qf3 Nbd7 15. Qf4
Qb8 16. Nde4 Nxe4 17. Nxe4 Be5 18. Qh4 f5 19. Nd2 Qb6 20. Bd3 Qa5 21. Ke2 c4
22. Bb1 Nc5 23. Rhd1 cxb3 24. Nxb3 b4+ 25. Ke1 Qb5 26. Rd2 Qf1# 0-1

[Event "34. Open Internacional de Andorra 2016"]
[Site "Andorra AND"]
[Date "2016.08.10"]
[Round "8.21"]
[White "Bas Mas, Miguel"]
[Black "Leiro Giralt, Daniel"]
[Result "1-0"]
[WhiteElo "2123"]
[BlackElo "2199"]
[PlyCount "117"]
[EventDate "2016.08.03"]
[EventType "swiss"]
[EventRounds "9"]
[EventCountry "AND"]
[SourceTitle "Ajedrez en Madrid"]
[Source "lmi"]
[SourceDate "2016.08.03"]
[SourceVersion "1"]
[SourceVersionDate "2018.03.01"]
[SourceQuality "1"]

1. e4 e5 2. Nf3 Nf6 3. d4 exd4 4. e5 Ne4 5. Qxd4 d5 6. exd6 Nxd6 7. Nc3 Nc6 8.
Qf4 Nf5 9. Bb5 Bd6 10. Qe4+ Nfe7 11. Bg5 f6 12. Be3 Bf5 13. Bxc6+ bxc6 14. Qc4
Qd7 15. Nd4 Bg6 16. O-O-O Bf7 17. Qa4 O-O 18. Nb3 Rab8 19. Kb1 Rfd8 20. f3 Nd5
21. Nxd5 Bxd5 22. Rhe1 Qf7 23. Qxa7 Ra8 24. Qd4 Rdb8 25. Bf2 Rb4 26. Qc3 Rba4
27. a3 Rb8 28. Rd3 Be5 29. Bd4 Bc4 30. Nc5 Ba2+ 31. Ka1 Rc4 32. Qd2 Rxc5 33.
Bxe5 fxe5 34. Rd8+ Rxd8 35. Qxd8+ Qf8 36. Qxf8+ Kxf8 37. Kxa2 Rxc2 38. Kb3 Rxg2
39. Rxe5 Rxh2 40. a4 Rh1 41. a5 Ra1 42. Kb4 Kf7 43. Rh5 h6 44. Rc5 Ke6 45.
Rxc6+ Kd7 46. Rg6 Kc8 47. Rxg7 Kb7 48. Kb5 Rf1 49. a6+ Kb8 50. Rg8+ Ka7 51. Rc8
Rc1 52. f4 h5 53. f5 c6+ 54. Rxc6 Rxc6 55. Kxc6 h4 56. Kb5 h3 57. f6 h2 58. f7
h1=Q 59. f8=Q 1-0

[Event "34. Open Internacional de Andorra 2016"]
[Site "Andorra AND"]
[Date "2016.08.10"]
[Round "8.22"]
[White "Ronce, Nathan"]
[Black "Bilquez, Romain"]
[Result "1/2-1/2"]
[WhiteElo "2122"]
[BlackElo "2183"]
[PlyCount "26"]
[EventDate "2016.08.03"]
[EventType "swiss"]
[EventRounds "9"]
[EventCountry "AND"]
[SourceTitle "Ajedrez en Madrid"]
[Source "lmi"]
[SourceDate "2016.08.03"]
[SourceVersion "1"]
[SourceVersionDate "2018.03.01"]
[SourceQuality "1"]

1. e4 e6 2. d4 d5 3. Bd3 Nf6 4. e5 Nfd7 5. f4 c5 6. c3 Nc6 7. Nf3 Qb6 8. Bc2
cxd4 9. cxd4 Nb4 10. O-O Nxc2 11. Qxc2 Be7 12. Nc3 f5 13. exf6 Nxf6 1/2-1/2

[Event "34. Open Internacional de Andorra 2016"]
[Site "Andorra AND"]
[Date "2016.08.10"]
[Round "8.23"]
[White "Goncharov, Viktor"]
[Black "Eizaguerri Floris, Maria"]
[Result "0-1"]
[WhiteElo "2157"]
[BlackElo "2111"]
[PlyCount "40"]
[EventDate "2016.08.03"]
[EventType "swiss"]
[EventRounds "9"]
[EventCountry "AND"]
[SourceTitle "Ajedrez en Madrid"]
[Source "lmi"]
[SourceDate "2016.08.03"]
[SourceVersion "1"]
[SourceVersionDate "2018.03.01"]
[SourceQuality "1"]

1. d4 Nf6 2. c4 e6 3. Nf3 d5 4. Nc3 Bb4 5. Qa4+ Nc6 6. Ne5 O-O 7. Nxc6 Bxc3+ 8.
bxc3 bxc6 9. Bg5 Bd7 10. c5 h6 11. Bxf6 Qxf6 12. Qa5 e5 13. e3 Rfe8 14. Be2 Qg6
15. Kf1 Rab8 16. g4 Bxg4 17. Bxg4 Qxg4 18. Qa3 Qe4 19. Rg1 Qd3+ 20. Ke1 Rb1+
0-1

[Event "34. Open Internacional de Andorra 2016"]
[Site "Andorra AND"]
[Date "2016.08.10"]
[Round "8.24"]
[White "Veganzones Rojo, David"]
[Black "Sanchez Dengra, Jose Maria"]
[Result "0-1"]
[WhiteElo "2120"]
[BlackElo "2152"]
[PlyCount "76"]
[EventDate "2016.08.03"]
[EventType "swiss"]
[EventRounds "9"]
[EventCountry "AND"]
[SourceTitle "Ajedrez en Madrid"]
[Source "lmi"]
[SourceDate "2016.08.03"]
[SourceVersion "1"]
[SourceVersionDate "2018.03.01"]
[SourceQuality "1"]

1. e4 c5 2. Nf3 Nc6 3. b3 d6 4. Bb2 e5 5. Bb5 Nge7 6. c3 a6 7. Bxc6+ Nxc6 8.
O-O Be7 9. h3 O-O 10. d4 f5 11. d5 Nb8 12. Nbd2 Qe8 13. Kh1 Qg6 14. Qe2 fxe4
15. Nxe4 Bf5 16. Rfe1 Nd7 17. Ng3 Bd3 18. Qe3 c4 19. Ba3 Bd8 20. bxc4 Bxc4 21.
Qd2 Be7 22. Rad1 b5 23. Ne4 h6 24. Qe3 Bxa2 25. Ng1 Bb3 26. Rd2 a5 27. Ne2 a4
28. N2g3 Ra6 29. Rb2 Nb6 30. Nd2 Nxd5 31. Qe4 Qxe4 32. Ngxe4 Nf4 33. Re3 Bc4
34. Nxc4 bxc4 35. Rb7 Rf7 36. Rf3 d5 37. Bxe7 dxe4 38. Re3 Nd5 0-1

[Event "34. Open Internacional de Andorra 2016"]
[Site "Andorra AND"]
[Date "2016.08.10"]
[Round "8.25"]
[White "Orteu Capdevila, Max"]
[Black "Ezra, Paul Chambers"]
[Result "1-0"]
[WhiteElo "2147"]
[BlackElo "1857"]
[PlyCount "159"]
[EventDate "2016.08.03"]
[EventType "swiss"]
[EventRounds "9"]
[EventCountry "AND"]
[SourceTitle "Ajedrez en Madrid"]
[Source "lmi"]
[SourceDate "2016.08.03"]
[SourceVersion "1"]
[SourceVersionDate "2018.03.01"]
[SourceQuality "1"]

1. d4 Nf6 2. Nf3 e6 3. g3 c5 4. Bg2 Be7 5. O-O O-O 6. c4 cxd4 7. Nxd4 Nc6 8.
Nc3 e5 9. Nf5 Bc5 10. Na4 Be7 11. Nxe7+ Qxe7 12. Nc3 d6 13. Bg5 Be6 14. Bxf6
Qxf6 15. Nd5 Qd8 16. b3 Rb8 17. Qd2 Qd7 18. Rfd1 Rfd8 19. Nc3 a6 20. Ne4 Qc7
21. Ng5 Bf5 22. Rac1 Rd7 23. Ne4 Rbd8 24. Nc3 Be6 25. h3 Qb8 26. e3 Ne7 27. Nd5
h6 28. Kh2 b5 29. Nxe7+ Rxe7 30. c5 Rc7 31. c6 d5 32. Qa5 Qc8 33. a4 bxa4 34.
bxa4 Rd6 35. Bxd5 Bxd5 36. Rxd5 Rf6 37. Rd2 Kh7 38. Qxe5 Rcxc6 39. Qe4+ g6 40.
Rdc2 Rxc2 41. Rxc2 Qd7 42. Qd4 Rd6 43. Qf4 Qe7 44. Kg2 Rf6 45. Rc7 Rxf4 46.
Rxe7 Rxa4 47. Rxf7+ Kg8 48. Ra7 Ra1 49. f4 a5 50. Kf3 a4 51. Ke4 a3 52. Ke5 Rg1
53. g4 a2 54. Rxa2 Rg3 55. Ra3 Rxh3 56. Kf6 g5 57. fxg5 hxg5 58. Kxg5 Kf7 59.
Kf4 Rh1 60. e4 Rf1+ 61. Rf3 Rg1 62. Kf5 Rb1 63. e5 Rb5 64. g5 Ra5 65. Rb3 Ra1
66. Rb7+ Kf8 67. Rb4 Kf7 68. Rb7+ Kf8 69. Kf6 Rf1+ 70. Kg6 Re1 71. Rf7+ Kg8 72.
Rf5 Ra1 73. Kf6 Ra6+ 74. e6 Rb6 75. Rd5 Rb8 76. Rd6 Rf8+ 77. Kg6 Re8 78. e7 Rf8
79. Rd8 Re8 80. Rxe8# 1-0

[Event "34. Open Internacional de Andorra 2016"]
[Site "Andorra AND"]
[Date "2016.08.11"]
[Round "9.1"]
[White "Granda Zuniga, Julio E"]
[Black "Lagarde, Maxime"]
[Result "0-1"]
[WhiteElo "2672"]
[BlackElo "2572"]
[PlyCount "52"]
[EventDate "2016.08.03"]
[EventType "swiss"]
[EventRounds "9"]
[EventCountry "AND"]
[SourceTitle "Ajedrez en Madrid"]
[Source "lmi"]
[SourceDate "2016.08.03"]
[SourceVersion "1"]
[SourceVersionDate "2018.03.01"]
[SourceQuality "1"]

1. d4 f5 2. Nc3 d5 3. Bf4 e6 4. e3 Nf6 5. Nb5 Bd6 6. Nxd6+ cxd6 7. Nf3 O-O 8.
c4 Ne4 9. cxd5 g5 10. Bg3 exd5 11. Bd3 f4 12. Qb3 Qa5+ 13. Kf1 Kh8 14. exf4
gxf4 15. Bh4 Nc6 16. Kg1 Bg4 17. Qxb7 Rac8 18. Qb5 Qxb5 19. Bxb5 Bxf3 20. gxf3
Nd2 21. Kg2 Nxd4 22. Bd3 N4xf3 23. Kh3 Rce8 24. Rhg1 Nxg1+ 25. Rxg1 Nf3 26. Rc1
Re6 0-1

[Event "34. Open Internacional de Andorra 2016"]
[Site "Andorra AND"]
[Date "2016.08.11"]
[Round "9.2"]
[White "Demuth, Adrien"]
[Black "Cori, Jorge"]
[Result "1/2-1/2"]
[WhiteElo "2545"]
[BlackElo "2601"]
[PlyCount "22"]
[EventDate "2016.08.03"]
[EventType "swiss"]
[EventRounds "9"]
[EventCountry "AND"]
[SourceTitle "Ajedrez en Madrid"]
[Source "lmi"]
[SourceDate "2016.08.03"]
[SourceVersion "1"]
[SourceVersionDate "2018.03.01"]
[SourceQuality "1"]

1. d4 Nf6 2. c4 e6 3. Nc3 Bb4 4. e3 O-O 5. Bd3 b6 6. Nf3 Bb7 7. O-O c5 8. Na4
cxd4 9. exd4 Re8 10. c5 bxc5 11. dxc5 d6 1/2-1/2

[Event "34. Open Internacional de Andorra 2016"]
[Site "Andorra AND"]
[Date "2016.08.11"]
[Round "9.3"]
[White "Vovk, Andriy"]
[Black "Riff, Jean-Noel"]
[Result "1/2-1/2"]
[WhiteElo "2637"]
[BlackElo "2483"]
[PlyCount "40"]
[EventDate "2016.08.03"]
[EventType "swiss"]
[EventRounds "9"]
[EventCountry "AND"]
[SourceTitle "Ajedrez en Madrid"]
[Source "lmi"]
[SourceDate "2016.08.03"]
[SourceVersion "1"]
[SourceVersionDate "2018.03.01"]
[SourceQuality "1"]

1. e4 c5 2. Nf3 d6 3. d4 cxd4 4. Nxd4 Nf6 5. Nc3 a6 6. Be3 e5 7. Nf3 Qc7 8. a4
Be7 9. a5 Be6 10. Be2 h6 11. O-O Qc6 12. Qd3 Nbd7 13. Nd2 O-O 14. Rfd1 Rfd8 15.
Bf3 Rac8 16. Nb3 Qc7 17. Qd2 Qc4 18. Be2 Qc7 19. Bf3 Qc4 20. Be2 Qc7 1/2-1/2

[Event "34. Open Internacional de Andorra 2016"]
[Site "Andorra AND"]
[Date "2016.08.11"]
[Round "9.4"]
[White "Banusz, Tamas"]
[Black "Collins, Sam E"]
[Result "1-0"]
[WhiteElo "2616"]
[BlackElo "2448"]
[PlyCount "107"]
[EventDate "2016.08.03"]
[EventType "swiss"]
[EventRounds "9"]
[EventCountry "AND"]
[SourceTitle "Ajedrez en Madrid"]
[Source "lmi"]
[SourceDate "2016.08.03"]
[SourceVersion "1"]
[SourceVersionDate "2018.03.01"]
[SourceQuality "1"]

1. Nf3 Nf6 2. c4 c6 3. g3 d5 4. Bg2 g6 5. b3 Bg7 6. Bb2 O-O 7. O-O a5 8. d3
Nbd7 9. Nbd2 c5 10. cxd5 Nxd5 11. Bxg7 Kxg7 12. Qc2 b6 13. d4 Bb7 14. Qb2 N5f6
15. Rfd1 cxd4 16. Qxd4 Rc8 17. Nc4 Qc7 18. Bh3 Rcd8 19. Bxd7 Rxd7 20. Qxb6 Bxf3
21. exf3 a4 22. Rxd7 Qxd7 23. Ne3 axb3 24. Qxb3 h5 25. h4 Ra8 26. a4 Qc6 27.
Nc4 Qd5 28. a5 Rc8 29. a6 Rxc4 30. a7 Rc8 31. Qxd5 Nxd5 32. a8=Q Rxa8 33. Rxa8
Nf6 34. Kf1 Nd5 35. Ke2 Nf6 36. Ra5 Ng8 37. Ke3 Nf6 38. Kf4 Ng8 39. g4 Nf6 40.
Rb5 Kf8 41. Rc5 Kg7 42. Ra5 Kf8 43. Ra8+ Kg7 44. Rd8 e6 45. g5 Nd5+ 46. Rxd5
exd5 47. Ke5 f6+ 48. gxf6+ Kf7 49. f4 d4 50. Kxd4 Kxf6 51. Ke4 Ke6 52. f5+
gxf5+ 53. Kf4 Kf6 54. f3 1-0

[Event "34. Open Internacional de Andorra 2016"]
[Site "Andorra AND"]
[Date "2016.08.11"]
[Round "9.5"]
[White "Kogan, Arthur"]
[Black "Barbot, Pierre"]
[Result "1-0"]
[WhiteElo "2530"]
[BlackElo "2444"]
[PlyCount "67"]
[EventDate "2016.08.03"]
[EventType "swiss"]
[EventRounds "9"]
[EventCountry "AND"]
[SourceTitle "Ajedrez en Madrid"]
[Source "lmi"]
[SourceDate "2016.08.03"]
[SourceVersion "1"]
[SourceVersionDate "2018.03.01"]
[SourceQuality "1"]

1. e4 e5 2. Nf3 Nc6 3. Bc4 Bc5 4. c3 Nf6 5. d3 O-O 6. b4 Bb6 7. a4 a5 8. b5 Nb8
9. O-O d6 10. Nbd2 Be6 11. Bxe6 fxe6 12. Qb3 Qe7 13. d4 exd4 14. cxd4 Re8 15.
Ba3 Qf7 16. Ng5 Qd7 17. Rad1 h6 18. Ngf3 d5 19. Rfe1 Qd8 20. exd5 exd5 21.
Rxe8+ Qxe8 22. Re1 Qh5 23. Re5 Qf7 24. Re7 Qh5 25. Qe3 Nbd7 26. Qe6+ Kh7 27.
Rxd7 Nxd7 28. Qxd7 Re8 29. Nf1 Qg6 30. Qxd5 Re2 31. h4 c6 32. bxc6 bxc6 33. Qb3
Bc7 34. Ne3 1-0

[Event "34. Open Internacional de Andorra 2016"]
[Site "Andorra AND"]
[Date "2016.08.11"]
[Round "9.6"]
[White "Trepat Herranz, Joan"]
[Black "Gozzoli, Yannick"]
[Result "0-1"]
[WhiteElo "2360"]
[BlackElo "2573"]
[PlyCount "64"]
[EventDate "2016.08.03"]
[EventType "swiss"]
[EventRounds "9"]
[EventCountry "AND"]
[SourceTitle "Ajedrez en Madrid"]
[Source "lmi"]
[SourceDate "2016.08.03"]
[SourceVersion "1"]
[SourceVersionDate "2018.03.01"]
[SourceQuality "1"]

1. e4 c5 2. Nf3 d6 3. Bb5+ Nd7 4. O-O a6 5. Bd3 Ngf6 6. Re1 e6 7. c3 b5 8. Bc2
c4 9. a4 Bb7 10. axb5 axb5 11. Rxa8 Qxa8 12. Na3 Be7 13. Nxb5 O-O 14. Qe2 Rc8
15. Nfd4 Bf8 16. Na3 Ne5 17. f4 Nd3 18. Bxd3 cxd3 19. Qxd3 Bxe4 20. Qe2 e5 21.
d3 exd4 22. dxe4 dxc3 23. Nb5 c2 24. e5 dxe5 25. fxe5 Nd5 26. e6 Qb7 27. exf7+
Qxf7 28. Kh1 Nb4 29. Nc3 Qc4 30. Qxc4+ Rxc4 31. Re2 Rd4 32. Rd2 Rf4 0-1

[Event "34. Open Internacional de Andorra 2016"]
[Site "Andorra AND"]
[Date "2016.08.11"]
[Round "9.7"]
[White "Pein, Malcolm"]
[Black "Glud, Jakob Vang"]
[Result "0-1"]
[WhiteElo "2357"]
[BlackElo "2532"]
[PlyCount "106"]
[EventDate "2016.08.03"]
[EventType "swiss"]
[EventRounds "9"]
[EventCountry "AND"]
[SourceTitle "Ajedrez en Madrid"]
[Source "lmi"]
[SourceDate "2016.08.03"]
[SourceVersion "1"]
[SourceVersionDate "2018.03.01"]
[SourceQuality "1"]

1. Nf3 Nf6 2. c4 e6 3. g3 a6 4. Bg2 b5 5. b3 Bb7 6. Bb2 c5 7. O-O Be7 8. Qc2 d6
9. Nc3 Qb6 10. d3 O-O 11. e4 Nc6 12. Rab1 Nd7 13. Ne2 Rfd8 14. Qd2 Nde5 15. Ne1
Bf6 16. f4 Nd7 17. f5 exf5 18. Bxf6 Nxf6 19. Rxf5 Nd7 20. Nc2 Nde5 21. Ne3 Qa5
22. Nc3 Nb4 23. Ncd5 Bxd5 24. Nxd5 Qxa2 25. Qxa2 Nxa2 26. Ra1 Nb4 27. Nxb4 cxb4
28. d4 Nc6 29. cxb5 Nxd4 30. Rd5 Ne2+ 31. Kf1 Nc3 32. e5 axb5 33. Rxa8 Rxa8 34.
Rd2 Ra1+ 35. Kf2 d5 36. Bxd5 Kf8 37. Ke3 Ra7 38. Bc6 Ke7 39. Rd6 Ra3 40. Kd4
Rxb3 41. Rd7+ Ke6 42. Rd6+ Kf5 43. Bd7+ Kg5 44. h4+ Kh5 45. Be8 Ne2+ 46. Kc5 g6
47. Bxf7 Re3 48. e6 b3 49. Rd5+ Kh6 50. Kd6 Nc3 51. Re5 Rxe5 52. Kxe5 Kg7 53.
Kd6 Ne4+ 0-1